000 00569nam a22002057a 4500
003 LK-CoDNM
005 20241007150553.0
008 241007b |||||||| |||| 00| 0 eng d
040 _aLK-CoDNM
_dLK-CoDNM
_eLK-CoDNM
041 _asin
080 _a105
_bA23
100 _aනාඋයනේ අරියධම්ම හිමි
245 _aභගවා ගුණය
300 _a 24cm
650 _a105 A23
650 _aSinhala
650 _aනාඋයනේ අරියධම්ම හිමි
650 _aභගවා ගුණය
942 _cBK
999 _c218107
_d218107